Testing of Metals

Сохранить в:
Библиографические подробности
Главный автор: Nayar, Alok
Формат:
Язык:Undetermined
Опубликовано: New Delhi Tata McGrawhill 2005
Предметы:
Метки: Добавить метку
Нет меток, Требуется 1-ая метка записи!
Thư viện lưu trữ: Trung tâm Học liệu Trường Đại học Cần Thơ
LEADER 00489nam a2200205Ia 4500
001 CTU_95725
008 210402s9999 xx 000 0 und d
020 |c 318000 
082 |a 620.16 
082 |b N331 
100 |a Nayar, Alok 
245 0 |a Testing of Metals 
245 0 |c Alok Nayar 
260 |a New Delhi 
260 |b Tata McGrawhill 
260 |c 2005 
650 |a Metals 
650 |x Testing 
904 |i M.Loan 
980 |a Trung tâm Học liệu Trường Đại học Cần Thơ